000 00609nam a2200205Ii 4500
003 JO-AjNU
008 230605s9999||||xx |||||||||||||| ||und||
040 _aJO-AjNU
_bara
_erda
_cJO-AjNU
041 _aara
050 1 4 _aPJ7866.R33.D42 1985
100 3 _aعرابي، محمد غازي,
_eauthor
_97145
245 0 0 _aذات الساق المبتورة
250 _aط2
264 3 1 _aدمشق: دار قتيبة، 2003
300 _a343ص
336 _atext
_btxt
_2rdacontent
337 _aunmediated
_bn
_2rdamedia
338 _avolume
_bnc
_2rdacarrier
650 4 _aالأدب العربي - قصص
_97146
999 _aA130
_c3698
_d3698